| 000 | 01476nam a22001577a 4500 | ||
|---|---|---|---|
| 999 |
_c62750 _d62750 |
||
| 005 | 20250206121223.0 | ||
| 008 | 250206r2017 ge ||||| |||| 00| 0 geo d | ||
| 022 | _a25874705 | ||
| 041 | _ageo | ||
| 245 |
_aსტუდენტური კვლევები და პროექტები = Student research and projects : _bსტუდენტური სამეცნიერო-პრაქტიკული ჟურნალი / _c ივანე ჯავახიშვილის სახელობის თბილისის სახელმწიფო უნივერსიტეტი; ეკონომიკისა და ბიზნესის ფაკულტეტი ; სტუდენტური კვლევების და პროექტების ცენტრი "იდეა" ; რედაქტორი პროფესორი გიორგი შიხაშვილი. |
||
| 260 |
_aთბილისი : _bთსუ, _c2017. |
||
| 300 | _aV. | ||
| 700 |
_aშიხაშვილი, გიორგი _eპროფესორი, რედაქტორი _914494 |
||
| 710 |
_aივანე ჯავახიშვილის სახელობის თბილისის სახელმწიფო უნივერსიტეტი _eეკონომიკისა და ბიზნესის ფაკულტეტი _924267 |
||
| 942 |
_2udc _cCR |
||